| 000 | 00717nam a2200229 a 4500 | ||
|---|---|---|---|
| 005 | 20240911063713.0 | ||
| 008 | 991125s2000 es 000 0 spa u | ||
| 020 | _a8432130176 | ||
| 035 | _aUPN01000055838 | ||
| 049 | _aCG | ||
| 050 | 4 |
_aLB1065 _bC3.7 2000 |
|
| 100 | 1 |
_aBernardo Carrasco, José _937129 |
|
| 245 | 1 | 0 |
_aTécnicas y recursos para motivar a los alumnos / _cJosé Bernardo Carrasco y Juan Basterretche Baignol. |
| 250 | _a5a ed. | ||
| 260 |
_aMadrid : _bRialp, _c2000. |
||
| 300 | _a255 p. | ||
| 440 | 0 | _aEducación y pedagogía | |
| 650 | 4 |
_aMotivación estudiantil _914109 |
|
| 650 | 2 |
_aMotivación para el aprendizaje _94875 |
|
| 700 | 1 |
_aBasterretche Baignol, Juan, _ecoaut. |
|
| 905 | _aLibro | ||
| 999 |
_c55838 _d55838 |
||